I Can Do It With a Broken Heart lyrics - Statistics

General Stats
  • This quiz has been taken 21 times
  • The average score is 339 of 380
Answer Stats
Lyrics % Correct
can
100%
He
100%
he
100%
I
100%
the
100%
The
100%
time
100%
time,
100%
you
100%
You
100%
your
100%
a
93%
all
93%
All
93%
an
93%
and
93%
And
93%
bitch
93%
Breaking
93%
broken
93%
but
93%
camera,
93%
'Cause
93%
'cause
93%
did
93%
do
93%
even
93%
fake
93%
for
93%
four)
93%
gotta
93%
handle
93%
heart
93%
he'd
93%
I'm
93%
in
93%
it
93%
it"
93%
kid,
93%
life"
93%
life,
93%
life
93%
lights
93%
Lights,
93%
love
93%
make
93%
me
93%
my
93%
of
93%
(One,
93%
real
93%
said,
93%
said
93%
shit
93%
short
93%
smile
93%
They
93%
three,
93%
three)
93%
'til
93%
tough
93%
two,
93%
was
93%
when
93%
with
93%
you're
93%
am
86%
art
86%
as
86%
avoids
86%
"Babe,
86%
birthday
86%
chanting,
86%
crowd
86%
day
86%
die
86%
down,
86%
every
86%
floor
86%
good
86%
good,
86%
him
86%
his
86%
hit
86%
it's
86%
know
86%
left
86%
like
86%
mind
86%
"More"
86%
obsessed
86%
pieces
86%
plague
86%
productive,
86%
shattered
86%
so
86%
that
86%
too
86%
wanna
86%
winning,
86%
act
79%
been
79%
cry
79%
depressed,
79%
doing
79%
grinning
79%
having
79%
her
79%
hitting
79%
I've
79%
lot
79%
marks
79%
read
79%
"She's
79%
since
79%
breath,
71%
glittering
71%
hold
71%
miles
71%
off
71%
pass
71%
prime
71%
refract
71%
show
71%
stars
71%
test
71%
There
71%
this
71%
Try
71%
come
64%
crucial
64%
didn't
64%
drawers,
64%
evidence
64%
finding
64%
imagine
64%
job
64%
keep
64%
lies
64%
night
64%
silhouette
64%
stilettos
64%
sure
64%
thing
64%
things
64%
whole
64%
knows
50%
sequined
50%
nobody
36%
No matching quizzes found
Score Distribution
Percent of People with Each Score
Percentile by Number Answered
Your Score History
You have not taken this quiz